Principles of computer system design : An introduction

Principles of Computer System Design is the first textbook to take a principles-based approach to the computer system design. It identifies, examines, and illustrates fundamental concepts in computer system design that are common across operating systems, networks, database systems, distributed syst...

全面介绍

Đã lưu trong:
书目详细资料
主要作者: Saltzer, Jerome H.
其他作者: Kaashoek, M. Frans
格式: 图书
语言:Vietnamese
出版: Amsterdam Elsevier 2009
主题:
标签: 添加标签
没有标签, 成为第一个标记此记录!
Thư viện lưu trữ: Thư viện Trường Đại học Nam Cần Thơ
LEADER 01153nam a22002057a 4500
001 NCT_73920
008 200213b xxu||||| |||| 00| 0 vie d
999 |c 3602  |d 3602 
020 |a 9780123749574 
082 0 4 |2 23rd ed.  |a 005.1  |b S176 
100 1 |a Saltzer, Jerome H. 
245 1 0 |a Principles of computer system design :   |b An introduction  |c Jerome H. Saltzer, M. Frans Kaashoek 
260 |a Amsterdam  |b Elsevier  |c 2009 
300 |a xxxiii, 526 p.  |c 24cm 
520 3 |a Principles of Computer System Design is the first textbook to take a principles-based approach to the computer system design. It identifies, examines, and illustrates fundamental concepts in computer system design that are common across operating systems, networks, database systems, distributed systems, programming languages, software engineering, security, fault tolerance, and architecture. 
653 |a Công nghệ thông tin 
700 1 |a Kaashoek, M. Frans 
942 |2 ddc  |c BK 
952 |0 0  |1 0  |2 ddc  |4 0  |6 005_100000000000000_S176  |7 0  |9 18583  |a 000001  |b 000001  |d 2020-02-13  |o 005.1 S176  |p MD.16765  |r 2020-02-13  |w 2020-02-13  |y BK 
980 |a Thư viện Trường Đại học Nam Cần Thơ